00844nam a2200265Ia 450000500170000000800270001702000180004410000290006224500760009125000170016730000490018449000150023353400300024865000380027865000380031665000190035494200150037326400400038833600270042833700330045533800280048804000350051608400120055199900150056320220317000241.0141031s9999 ck 000 0 spa d a97860740000091 aBlake, Quentín,d1932-10aSólo se es joven...bdos vecesctexto e ilustración Quentín Blake a1a edición a48 páginasbilustraciones en colorc22 cm. aTravesía tYou're only young twice!.142LEMBaCuentos infantiles ingleses142LEMBaLiteratura infantil inglesa142LEMBaAncianos 2loccBKINF aMéxicobOcéano Travesíac2008 atextobtxt2rdacontent asin mediaciónbn2rdamedia avolumenbnc2rdacarrier aCO-BoRNBPbspaerdacCO-BoRNBP aC BLA10 c3521d3521